000
00264nam a22000977a 4500
008
170105b xxu||||| |||| 00| 0 eng d
041
_a
eng
080
_a
618.2
245
_a
THE RN COURSE BOOK Preparation for the NCLEX-RN Examination
_c
KAPLAN NURSING
942
_2
udc
_c
BK
999
_c
2554
_d
2554